Documento que constata la legalidad de las propiedades de Doña María Josefa de Oviedo (Record no. 4723)

MARC details
000 -CABECERA
campo de control de longitud fija 01588nam a2200313 a 4500
001 - NÚMERO DE CONTROL
campo de control BRCA_5029
005 - FECHA Y HORA DE LA ÚLTIMA TRANSACCIÓN
campo de control 20190320204918.0
008 - DATOS DE LONGITUD FIJA--INFORMACIÓN GENERAL
campo de control de longitud fija 031110s1784----mx-######v---#000-0#spa-#
041 ## - CÓDIGO DE LENGUA
Código de lengua del texto/banda sonora o título independiente spa
044 ## - CÓDIGO DEL PAÍS DE LA ENTIDAD EDITORA/PRODUCTORA
Código MARC del país mx
084 ## - OTRO NÚMERO DE CLASIFICACIÓN
Número de clasificación DOC94
Número de documento/Ítem .O95
-- 1784
100 1# - ENTRADA PRINCIPAL--NOMBRE DE PERSONA
Nombre de persona Oviedo, María Josefa de
9 (RLIN) 12842
245 10 - MENCIÓN DE TÍTULO
Título Documento que constata la legalidad de las propiedades de Doña María Josefa de Oviedo
Mención de responsabilidad, etc. Maria Josefa de Oviedo ; Joaquín García de la Torre.
260 ## - PUBLICACIÓN, DISTRIBUCIÓN, ETC.
Lugar de publicación, distribución, etc. México
Fecha de publicación, distribución, etc. 1784
300 ## - DESCRIPCIÓN FÍSICA
Extensión [60] fojas
Dimensiones 31 x 22 cm.
500 ## - NOTA GENERAL
Nota general Documento fechado el 24 de abril de 1784.
500 ## - NOTA GENERAL
Nota general Contiene varios documentos que aclaran la legalidad de las propiedades de Doña María Josefa de Oviedo, así como los porcentajes que de la misma correspondencia a los conventos que se mencionan.
500 ## - NOTA GENERAL
Nota general Contiene sello con el escudo de casa de Borbón y lema: ´SELLO SEGUNDO. SEIS REALES. AÑOS DE MIL SETECIENTOS OCHENTA Y QUATRO Y OCHENTA Y CINCO´.
500 ## - NOTA GENERAL
Nota general El documento contiene la leyenda DOC. #254.
500 ## - NOTA GENERAL
Nota general Estado de conservación: contiene graves daños en la parte inferior provocados por insectos y márgenes deteriorados.
506 0# - NOTA DE RESTRICCIONES AL ACCESO
Limitaciones de acceso Fondo Reservado. Para su consulta es necesario credencial de usuario y carta de motivos.
546 ## - NOTA DE LENGUA/LENGUAJE
Nota de lengua/lenguaje Texto en: Español de finales del siglo XVIII.
600 14 - PUNTO DE ACCESO ADICIONAL DE MATERIA--NOMBRE DE PERSONA
Nombre de persona Oviedo, María Josefa de
Subdivisión general Historia
9 (RLIN) 12843
650 14 - PUNTO DE ACCESO ADICIONAL DE MATERIA--TÉRMINO DE MATERIA
Término de materia o nombre geográfico como elemento de entrada Documentos legales
Subdivisión de forma Manuscritos
Subdivisión geográfica México
9 (RLIN) 12844
651 #4 - PUNTO DE ACCESO ADICIONAL DE MATERIA--NOMBRE GEOGRÁFICO
Nombre geográfico México
Subdivisión general Historia
Subdivisión cronológica Colonia, 1521-1821
9 (RLIN) 12461
700 1# - PUNTO DE ACCESO ADICIONAL--NOMBRE DE PERSONA
Nombre de persona García de la torre, Joaquín
9 (RLIN) 12845
902 ## - CATALOGADOR
Iniciales FDH
942 ## - ELEMENTOS DE PUNTO DE ACCESO ADICIONAL (KOHA)
Fuente del sistema de clasificación o colocación Library of Congress Classification
Tipo de ítem Koha Documentos
Holdings
Estado de retiro Estado de pérdida Estado dañado No para préstamo Localización permanente Ubicación/localización actual Fecha de adquisición Total de préstamos Signatura topográfica completa Código de barras Fecha visto por última vez Precio válido a partir de Tipo de ítem Koha
El ejemplar forma parte de la colección y puede ser consultado según las políticas vigentes.       Biblioteca del Museo Franz Mayer (Rogerio Casas-Alatriste) Biblioteca del Museo Franz Mayer (Rogerio Casas-Alatriste) 03/11/2010   DOC94 .O95 1784 5124 22/03/2019 22/03/2019 Documentos